|
|
|
|
| LEADER |
00000cam a2200000 7i4500 |
| 001 |
0000029823 |
| 005 |
20100817.0 |
| 008 |
100817 |
| 020 |
|
|
|a 1580627560
|
| 090 |
0 |
0 |
|a 646.77
|b ARG
|
| 100 |
1 |
|
|a Argov, Sherry
|
| 245 |
1 |
0 |
|a Why men love bitches
|c Sherry Argov
|
| 260 |
|
|
|a United States :
|b Adams Media publishers ,
|c 2009
|
| 650 |
|
0 |
|a Dating (social customs)
|
| 650 |
|
0 |
|a Man-women relationships
|
| 650 |
|
0 |
|a Mate selection
|
| 650 |
|
0 |
|a Self-esteem in women
|
| 650 |
|
0 |
|a Single women
|x life skills guides
|
| 999 |
|
|
|a 0001072612
|b Book
|c Adult Collection
|e Perbadanan Perpustakaan Awam Johor
|
| 999 |
|
|
|a 0001072613
|b Book
|c Adult Collection
|e Perbadanan Perpustakaan Awam Johor
|